[Event "CRO-chT Div1B qual"]
[Site "Crikvenica"]
[Date "2020.11.21"]
[Round "1.4"]
[White "Grbac, Boris"]
[Black "Licina, Zoran"]
[Result "1/2-1/2"]
[WhiteElo "2125"]
[BlackElo "2221"]
[PlyCount "45"]
[EventDate "2020.11.21"]
[EventType "team-tourn"]
[EventRounds "3"]
[EventCountry "CRO"]
[SourceTitle "EXT 2022"]
[Source "ChessBase"]
[SourceDate "2021.10.06"]
[SourceVersion "1"]
[SourceVersionDate "2021.10.06"]
[SourceQuality "1"]

1. e4 c5 2. Nf3 d6 3. c3 Nf6 4. Bd3 Nc6 5. h3 g6 6. Bc2 Bg7 7. 0-0 e5 8. d4 exd4 9. cxd4 0-0 10. Nc3 cxd4 11. Nb5 d5 12. exd5 Nxd5 13. Nbxd4 Nxd4 14. Nxd4 Nb4 15. Nb5 Nxc2 16. Qxc2 Bf5 17. Qb3 Be6 18. Qf3 Qa5 19. Nc3 b5 20. Ne4 b4 21. a3 bxa3 22. Rxa3 Qf5 23. Qxf5 1/2-1/2

[Event "CRO-chT2 Ost"]
[Site "Croatia"]
[Date "2015.10.18"]
[Round "9.42"]
[White "Licina, Zoran"]
[Black "Vecera, Stjepan"]
[Result "1-0"]
[WhiteElo "2227"]
[BlackElo "2090"]
[PlyCount "113"]
[EventDate "2015.04.25"]
[EventType "team-tourn"]
[EventRounds "11"]
[EventCountry "CRO"]
[SourceTitle "EXT 2016"]
[Source "ChessBase"]
[SourceDate "2015.10.08"]
[SourceVersion "1"]
[SourceVersionDate "2015.10.08"]
[SourceQuality "1"]

1. Nf3 Nf6 2. c4 e6 3. g3 b6 4. Bg2 Bb7 5. 0-0 Be7 6. b3 0-0 7. Bb2 c5 8. e3 d5 9. Qe2 Nbd7 10. Ne1 Qc7 11. f4 dxc4 12. bxc4 Bxg2 13. Qxg2 Rab8 14. Nc3 a6 15. a4 Rb7 16. g4 Nb8 17. g5 Nh5 18. Qg4 g6 19. Ne4 Re8 20. Nd3 Nd7 21. Qf3 Bf8 22. Ndf2 Bg7 23. Bxg7 Kxg7 24. Nd6 Qxd6 25. Qxb7 e5 26. Qd5 Qxd5 27. cxd5 exf4 28. Ng4 fxe3 29. dxe3 Re4 30. h3 Ng3 31. Rf3 Nf5 32. Rf4 Re7 33. Kf2 Ne5 34. Nxe5 Rxe5 35. e4 Nd6 36. Re1 b5 37. axb5 axb5 38. h4 c4 39. Ke3 Nf5+ 40. Kd2 b4 41. exf5 c3+ 42. Kc2 Rxe1 43. f6+ Kf8 44. Rxb4 Ke8 45. Kxc3 Rh1 46. Re4+ Kd8 47. Kd4 Kd7 48. Ke5 Rd1 49. Kf4 Rxd5 50. Re7+ Kd6 51. Rxf7 Rd4+ 52. Kg3 Rd3+ 53. Kg2 h6 54. gxh6 Ke6 55. h7 Rd8 56. Rg7 Rh8 57. f7 1-0

[Event "Novi Sad Vujovic Memorial IM"]
[Site "Novi Sad"]
[Date "2015.07.20"]
[Round "3"]
[White "Licina, Zoran"]
[Black "Marjanovic, Dejan"]
[Result "1-0"]
[WhiteElo "2227"]
[BlackElo "2338"]
[PlyCount "91"]
[EventDate "2015.07.19"]
[EventType "tourn"]
[EventRounds "9"]
[EventCountry "SRB"]
[EventCategory "1"]
[SourceTitle "CBM 167 Extra"]
[Source "ChessBase"]
[SourceDate "2015.09.14"]
[SourceVersion "1"]
[SourceVersionDate "2015.09.14"]
[SourceQuality "1"]

1. Nf3 f5 2. d3 d6 3. e4 e5 4. Nc3 Nc6 5. Nd5 Nce7 6. Ne3 fxe4 7. dxe4 Nf6 8. Bc4 c6 9. Ng5 d5 10. exd5 cxd5 11. Bb3 h6 12. Nf3 Qc7 13. 0-0 Be6 14. Qe2 0-0-0 15. c4 d4 16. Nd5 Nfxd5 17. cxd5 Bxd5 18. Nxe5 Nc6 19. Bf4 Bd6 20. Bxd5 Bxe5 21. Bxe5 Qxe5 22. Qg4+ Kb8 23. Bxc6 bxc6 24. Rfe1 Qc7 25. Rac1 h5 26. Qh4 Qd6 27. Re7 Rhe8 28. Rxe8 Rxe8 29. Qxh5 Qe5 30. Qxe5+ Rxe5 31. Kf1 c5 32. Re1 Rh5 33. h3 c4 34. Rc1 Rb5 35. Rxc4 Rxb2 36. Rxd4 Rxa2 37. Rd8+ Kb7 38. Rd7+ Kb6 39. Rxg7 a5 40. g4 Ra1+ 41. Kg2 a4 42. Rg8 Kb7 43. Re8 Kc7 44. g5 Kd7 45. Ra8 a3 46. g6 1-0

[Event "Novi Sad Vujovic Memorial IM"]
[Site "Novi Sad"]
[Date "2015.07.20"]
[Round "2"]
[White "Velikic, Adela"]
[Black "Licina, Zoran"]
[Result "1-0"]
[WhiteElo "2128"]
[BlackElo "2227"]
[PlyCount "117"]
[EventDate "2015.07.19"]
[EventType "tourn"]
[EventRounds "9"]
[EventCountry "SRB"]
[EventCategory "1"]
[SourceTitle "CBM 167 Extra"]
[Source "ChessBase"]
[SourceDate "2015.09.14"]
[SourceVersion "1"]
[SourceVersionDate "2015.09.14"]
[SourceQuality "1"]

1. e4 c5 2. Nf3 d6 3. d4 cxd4 4. Nxd4 Nf6 5. Nc3 a6 6. h3 e5 7. Nde2 h5 8. Bg5 Nbd7 9. Nd5 Be7 10. Nxe7 Qxe7 11. Nc3 Nb6 12. Be2 h4 13. 0-0 Be6 14. f4 Qc7 15. fxe5 dxe5 16. Bxf6 gxf6 17. Rxf6 Rd8 18. Qf1 Rd2 19. Kh1 Nd7 20. Rf3 Rg8 21. Rc1 Qd8 22. Rd3 Qg5 23. Rd1 Rxd1 24. Rxd1 Nf6 25. Bf3 Qe3 26. Qd3 Qxd3 27. Rxd3 Ke7 28. a3 Rc8 29. Kg1 Bc4 30. Rd2 Be6 31. Kf2 Rg8 32. Nd1 Rc8 33. Ke3 Ne8 34. Nf2 Nd6 35. Be2 Rg8 36. Ng4 Bxg4 37. hxg4 Rh8 38. Rd5 Ke6 39. g5 f5 40. gxf6 Rg8 41. Bf3 Nf7 42. Rc5 Kxf6 43. Rc7 Nd6 44. b3 Ke6 45. Rh7 a5 46. Rxh4 a4 47. Rh6+ Kd7 48. Rh7+ Kc6 49. Re7 Ra8 50. Rxe5 axb3 51. cxb3 Rxa3 52. Kf4 Rxb3 53. Re7 Rb4 54. Kg5 b5 55. e5+ Ne4+ 56. Kf5 Kd5 57. Bxe4+ Rxe4 58. Rd7+ Kc6 59. Rd6+ 1-0

[Event "CRO-chT2 Ost"]
[Site "Croatia"]
[Date "2015.04.26"]
[Round "3.12"]
[White "Aleksic, Robert"]
[Black "Licina, Zoran"]
[Result "1/2-1/2"]
[WhiteElo "2197"]
[BlackElo "2213"]
[PlyCount "50"]
[EventDate "2015.04.25"]
[EventType "team-tourn"]
[EventRounds "11"]
[EventCountry "CRO"]
[SourceTitle "EXT 2016"]
[Source "ChessBase"]
[SourceDate "2015.10.08"]
[SourceVersion "1"]
[SourceVersionDate "2015.10.08"]
[SourceQuality "1"]

1. e4 c5 2. Nf3 d6 3. c3 Nf6 4. Be2 Bd7 5. d3 Nc6 6. 0-0 g6 7. Bg5 Bg7 8. Nbd2 0-0 9. h3 Ne8 10. a4 Nc7 11. Nc4 d5 12. exd5 Nxd5 13. Qb3 Qc7 14. Ne3 Nxe3 15. Bxe3 b6 16. d4 cxd4 17. cxd4 Qd6 18. Rfd1 Bf5 19. Rac1 Be4 20. Rd2 Rad8 21. Rdd1 Ra8 22. Rd2 Rad8 23. Rdd1 Ra8 24. Rd2 Rad8 25. Rdd1 Ra8 1/2-1/2

[Event "CRO-chT2 Ost"]
[Site "Croatia"]
[Date "2015.04.25"]
[Round "1.22"]
[White "Goric, Esad"]
[Black "Licina, Zoran"]
[Result "1/2-1/2"]
[WhiteElo "2301"]
[BlackElo "2213"]
[PlyCount "114"]
[EventDate "2015.04.25"]
[EventType "team-tourn"]
[EventRounds "11"]
[EventCountry "CRO"]
[SourceTitle "EXT 2016"]
[Source "ChessBase"]
[SourceDate "2015.10.08"]
[SourceVersion "1"]
[SourceVersionDate "2015.10.08"]
[SourceQuality "1"]

1. c4 g6 2. g3 Bg7 3. Bg2 Nf6 4. Nc3 0-0 5. e3 e5 6. Nge2 c6 7. d4 d6 8. 0-0 Qe7 9. e4 a6 10. d5 cxd5 11. cxd5 b5 12. b4 Nbd7 13. a4 bxa4 14. Nxa4 Rb8 15. Ba3 Ne8 16. Rc1 f5 17. f3 fxe4 18. fxe4 Rxf1+ 19. Qxf1 Bh6 20. Rc3 Ndf6 21. h3 Bd7 22. Nb2 Bd2 23. Rb3 Bb5 24. Qf2 Rc8 25. Nd4 Bc3 26. Nxb5 axb5 27. Kh2 Bd4 28. Qe2 Qa7 29. Nd1 Bg1+ 30. Kh1 Bd4 31. Qxb5 Rc2 32. Qd3 Ra2 33. Bb2 Bxb2 34. Rxb2 Ra1 35. Kh2 Qd4 36. Qxd4 exd4 37. Nf2 Nd7 38. b5 Nb6 39. Rd2 Rb1 40. Rxd4 Rxb5 41. Nd3 Nf6 42. Rb4 Rxb4 43. Nxb4 Nc4 44. Nd3 Kf7 45. g4 g5 46. Kg3 Nd7 47. Kf2 Kf6 48. Bf1 Nd2 49. Bg2 Nc4 50. Nb4 Ke5 51. Nc6+ Kf4 52. Nd8 Ke5 53. Kg3 Nc5 54. Nc6+ Kf6 55. Kf2 Nd3+ 56. Kg3 Nc5 57. Kf3 Nd3 1/2-1/2

[Event "CRO-chT2 Ost"]
[Site "Croatia"]
[Date "2015.04.25"]
[Round "2.62"]
[White "Licina, Zoran"]
[Black "Majeric, Zoran"]
[Result "1-0"]
[WhiteElo "2213"]
[BlackElo "2228"]
[PlyCount "77"]
[EventDate "2015.04.25"]
[EventType "team-tourn"]
[EventRounds "11"]
[EventCountry "CRO"]
[SourceTitle "EXT 2016"]
[Source "ChessBase"]
[SourceDate "2015.10.08"]
[SourceVersion "1"]
[SourceVersionDate "2015.10.08"]
[SourceQuality "1"]

1. Nf3 Nf6 2. c4 c6 3. d4 d5 4. e3 e6 5. Bd3 Nbd7 6. 0-0 Bd6 7. Nc3 0-0 8. b3 Re8 9. Qc2 h6 10. Bb2 dxc4 11. bxc4 e5 12. h3 Qe7 13. Nd2 Bc7 14. a4 Nf8 15. Ba3 Qd8 16. d5 cxd5 17. cxd5 a6 18. Qb3 Rb8 19. Rfd1 Bd7 20. Nde4 Nxe4 21. Bxe4 Ba5 22. Rac1 b5 23. axb5 axb5 24. Bb4 Bxb4 25. Qxb4 Qg5 26. Kh2 f5 27. Bd3 Ng6 28. Bf1 Rf8 29. Qd6 Rb7 30. Rb1 Rf6 31. Qa3 Nh4 32. Qa8+ Kh7 33. Qxb7 Rg6 34. Ne4 Qh5 35. Ng3 Nf3+ 36. Kh1 Qg5 37. Qxd7 Nh4 38. Rb4 e4 39. Qc7 1-0

[Event "CRO-chT2"]
[Site "Bol"]
[Date "2013.09.21"]
[Round "8.3"]
[White "Licina, Zoran"]
[Black "Ascic, Pero"]
[Result "1/2-1/2"]
[WhiteElo "2223"]
[BlackElo "2293"]
[PlyCount "38"]
[EventDate "2013.09.14"]
[EventType "team-tourn"]
[EventRounds "9"]
[EventCountry "CRO"]
[SourceTitle "CBM 156 Extra"]
[Source "ChessBase"]
[SourceDate "2013.10.22"]
[SourceVersion "1"]
[SourceVersionDate "2013.10.22"]
[SourceQuality "1"]
[WhiteTeam "Vukovar Slaven"]
[BlackTeam "Pozega"]
[WhiteTeamCountry "CRO"]
[BlackTeamCountry "CRO"]

1. Nf3 Nf6 2. c4 c6 3. b3 d5 4. Bb2 e6 5. g3 Nbd7 6. Bg2 Be7 7. 0-0 0-0 8. d3 b6 9. Nbd2 Bb7 10. Qc2 c5 11. e4 d4 12. b4 a5 13. b5 Ne8 14. Ne1 g6 15. f4 Ng7 16. Nef3 Qc7 17. Rae1 Rae8 18. Bc1 h6 19. e5 Nf5 1/2-1/2

[Event "CRO-chT2"]
[Site "Bol"]
[Date "2013.09.15"]
[Round "2.2"]
[White "Martic, Zlatko"]
[Black "Licina, Zoran"]
[Result "1-0"]
[WhiteElo "2306"]
[BlackElo "2223"]
[PlyCount "77"]
[EventDate "2013.09.14"]
[EventType "team-tourn"]
[EventRounds "9"]
[EventCountry "CRO"]
[SourceTitle "CBM 156 Extra"]
[Source "ChessBase"]
[SourceDate "2013.10.22"]
[SourceVersion "1"]
[SourceVersionDate "2013.10.22"]
[SourceQuality "1"]
[WhiteTeam "Slavonski Brod"]
[BlackTeam "Vukovar Slaven"]
[WhiteTeamCountry "CRO"]
[BlackTeamCountry "CRO"]

1. d4 Nf6 2. c4 g6 3. Nc3 Bg7 4. e4 0-0 5. Nf3 d6 6. Be2 Nbd7 7. 0-0 e5 8. Be3 c6 9. Qc2 Ng4 10. Bg5 f6 11. Bd2 Nh6 12. Rad1 Qe7 13. b4 f5 14. d5 c5 15. Bg5 Nf6 16. bxc5 Nf7 17. cxd6 Qxd6 18. Nb5 Qd8 19. Bxf6 Bxf6 20. c5 a6 21. Nc3 Qa5 22. Na4 Bd8 23. Nd2 Bd7 24. c6 bxc6 25. Nc4 Qc7 26. Ncb6 Ra7 27. Nxd7 Qxd7 28. dxc6 Qc8 29. Bc4 Kh8 30. Bd5 Ng5 31. Qc5 Re7 32. f3 Ne6 33. Bxe6 Qxe6 34. Rd6 Qf7 35. Rfd1 Bc7 36. Rd7 Rfe8 37. Nc3 Qe6 38. Nd5 Rxd7 39. cxd7 1-0

[Event "Topusko op 2nd"]
[Site "Topusko"]
[Date "2013.08.06"]
[Round "4"]
[White "Licina, Zoran"]
[Black "Jusup, Matej"]
[Result "1-0"]
[WhiteElo "2216"]
[BlackElo "2176"]
[PlyCount "75"]
[EventDate "2013.08.03"]
[EventType "swiss"]
[EventRounds "7"]
[EventCountry "CRO"]
[SourceTitle "CBM 155 Extra"]
[Source "ChessBase"]
[SourceDate "2013.08.26"]
[SourceVersion "1"]
[SourceVersionDate "2013.08.26"]
[SourceQuality "1"]

1. g3 Nf6 2. Bg2 d5 3. Nf3 e6 4. 0-0 Be7 5. c4 0-0 6. b3 b6 7. Bb2 Bb7 8. e3 dxc4 9. bxc4 c5 10. Qe2 Nbd7 11. Ne1 Bxg2 12. Nxg2 Qc7 13. f4 Qc6 14. g4 Rfd8 15. Nc3 Nf8 16. g5 Ne8 17. h4 Qd7 18. Rf2 Qd3 19. Nd5 Rxd5 20. cxd5 Qxd5 21. e4 Qd7 22. f5 exf5 23. exf5 Bd6 24. Be5 Nc7 25. Bxd6 Qxd6 26. Re1 Re8 27. Qf3 Rd8 28. a4 Qd4 29. Qe4 Qd7 30. Qe7 Re8 31. Qxd7 Rxe1+ 32. Nxe1 Nxd7 33. Nf3 Kf8 34. Re2 f6 35. d4 Kf7 36. d5 Nf8 37. d6 Ne8 38. Re7+ 1-0

[Event "Vojvodina-ch 4th"]
[Site "Novi Sad"]
[Date "2013.07.01"]
[Round "6"]
[White "Licina, Zoran"]
[Black "Radlovacki, Jovan"]
[Result "0-1"]
[WhiteElo "2216"]
[BlackElo "2434"]
[PlyCount "64"]
[EventDate "2013.06.28"]
[EventType "swiss"]
[EventRounds "9"]
[EventCountry "SRB"]
[SourceTitle "CBM 155 Extra"]
[Source "ChessBase"]
[SourceDate "2013.08.26"]
[SourceVersion "1"]
[SourceVersionDate "2013.08.26"]
[SourceQuality "1"]

1. e4 c6 2. Nc3 d5 3. d4 dxe4 4. Nxe4 Nf6 5. Nxf6+ gxf6 6. c3 Qd5 7. c4 Qe4+ 8. Be3 e5 9. Ne2 Bb4+ 10. Nc3 c5 11. Qd2 exd4 12. Nxe4 dxe3 13. Qxb4 exf2+ 14. Kxf2 cxb4 15. Nxf6+ Kf8 16. Bd3 Kg7 17. Nd5 Nc6 18. Rhe1 Be6 19. Nc7 Rad8 20. Nxe6+ fxe6 21. Rad1 Rhf8+ 22. Ke3 Ne5 23. Be2 Kf6 24. Rf1+ Ke7 25. Rxd8 Rxd8 26. Rf4 Rd7 27. Rd4 Rc7 28. b3 a5 29. Rh4 Kd6 30. g3 Rf7 31. Rh5 b6 32. a4 bxa3 0-1

[Event "CRO-chT2 Ost"]
[Site "Osijek"]
[Date "2012.04.22"]
[Round "3.22"]
[White "Spoljar, Marijan"]
[Black "Licina, Zoran"]
[Result "1-0"]
[WhiteElo "2236"]
[BlackElo "2256"]
[PlyCount "65"]
[EventDate "2012.04.21"]
[EventType "team-tourn"]
[EventRounds "11"]
[EventCountry "CRO"]
[SourceTitle "EXT 2014"]
[Source "ChessBase"]
[SourceDate "2013.11.20"]
[SourceVersion "1"]
[SourceVersionDate "2013.11.20"]
[SourceQuality "1"]

1. e4 c5 2. Nf3 d6 3. d4 cxd4 4. Nxd4 Nf6 5. Nc3 a6 6. f3 Qb6 7. Nb3 e6 8. Qe2 Nc6 9. Be3 Qc7 10. g4 Nd7 11. 0-0-0 Be7 12. g5 b5 13. f4 Rb8 14. Kb1 Nb6 15. Qf2 b4 16. Ne2 Nc4 17. Bc1 a5 18. Ned4 Ba6 19. f5 Nxd4 20. Nxd4 e5 21. f6 exd4 22. Bxc4 Qxc4 23. fxe7 Kxe7 24. Rxd4 Qe6 25. Rhd1 Rhd8 26. Bf4 Rb6 27. Rd5 Rc6 28. e5 Bc4 29. Rxd6 Rcxd6 30. exd6+ Kf8 31. b3 Bd5 32. Qb6 Ra8 33. Qc5 1-0

[Event "Split op 1st"]
[Site "Split"]
[Date "2011.08.13"]
[Round "9"]
[White "Licina, Zoran"]
[Black "Mestrovic, Josip"]
[Result "1-0"]
[WhiteElo "2273"]
[BlackElo "1877"]
[PlyCount "75"]
[EventDate "2011.08.05"]
[EventType "swiss"]
[EventRounds "9"]
[EventCountry "CRO"]
[SourceTitle "CBM 143 Extra"]
[Source "ChessBase"]
[SourceDate "2011.08.29"]
[SourceVersion "1"]
[SourceVersionDate "2011.08.29"]
[SourceQuality "1"]

1. c4 c6 2. g3 e5 3. Bg2 g6 4. d4 d6 5. Nc3 Bg7 6. dxe5 dxe5 7. Qxd8+ Kxd8 8. b3 Bf8 9. Bb2 f6 10. 0-0-0+ Nd7 11. Ne4 Kc7 12. e3 Be7 13. f4 Nh6 14. Nf3 Nf7 15. Rhe1 Re8 16. Nf2 Bb4 17. Rf1 Bc5 18. Rde1 f5 19. Kc2 h6 20. h4 a5 21. a3 Rb8 22. Bc3 Bxa3 23. Bxa5+ b6 24. Bc3 Bd6 25. Nd2 e4 26. g4 Bb7 27. gxf5 gxf5 28. Bh3 Bxf4 29. exf4 e3 30. Bxf5 c5 31. Bg6 Bg2 32. Bxf7 Re7 33. Bd5 Bxf1 34. Nxf1 Rbe8 35. Nd3 e2 36. Ng3 Re3 37. Nf5 Rh3 38. Kd2 1-0

[Event "CRO-chT2 East"]
[Site "Croatia"]
[Date "2011.04.16"]
[Round "5"]
[White "Stocko, Josip"]
[Black "Licina, Zoran"]
[Result "0-1"]
[WhiteElo "2187"]
[BlackElo "2271"]
[PlyCount "116"]
[EventDate "2011.04.02"]
[EventType "tourn"]
[EventRounds "11"]
[EventCountry "CRO"]
[SourceTitle "EXT 2014"]
[Source "ChessBase"]
[SourceDate "2013.11.20"]
[SourceVersion "1"]
[SourceVersionDate "2013.11.20"]
[SourceQuality "1"]

1. e4 c5 2. Nf3 d6 3. d4 cxd4 4. Nxd4 Nf6 5. Nc3 g6 6. Be3 a6 7. Be2 Bg7 8. 0-0 0-0 9. f4 Nbd7 10. Bf3 e5 11. Nb3 exf4 12. Bxf4 Ne5 13. Kh1 Be6 14. Nd4 Rc8 15. Nxe6 fxe6 16. Bxe5 dxe5 17. Qe2 h5 18. g3 Bh6 19. Rad1 Qb6 20. Rb1 Rfd8 21. Rfd1 Rxd1+ 22. Nxd1 Rd8 23. Qc4 Rd2 24. a4 Kh7 25. Qc3 Qd6 26. Qb3 Qc6 27. Nc3 Rd7 28. Na2 Nxe4 29. Re1 Nf2+ 30. Kg2 e4 31. Kxf2 exf3 32. Qxf3 Qxc2+ 33. Re2 Qxa4 34. Nc3 Qd4+ 35. Kg2 Qg4 36. Qf1 Qf5 37. Qe1 Rf7 38. Ne4 Qd5 39. Kg1 Qd4+ 40. Kg2 b5 41. h3 b4 42. Nf2 Qd5+ 43. Kh2 a5 44. Ne4 Qd4 45. b3 Qd5 46. Qa1 e5 47. Qb2 h4 48. gxh4 Bf4+ 49. Kg1 Kh6 50. Qc2 Qd8 51. Qc4 Rc7 52. Qe6 Qd1+ 53. Kf2 Qd4+ 54. Kg2 Rc2 55. Ng3 Rxe2+ 56. Nxe2 Qe4+ 57. Kf1 Qf3+ 58. Ke1 Be3 0-1

[Event "Bergamo op 09th"]
[Site "Bergamo"]
[Date "2010.07.16"]
[Round "1"]
[White "Licina, Zoran"]
[Black "Ranfagni, Stefano"]
[Result "1/2-1/2"]
[WhiteElo "2297"]
[BlackElo "2013"]
[PlyCount "95"]
[EventDate "2010.07.16"]
[EventType "swiss"]
[EventRounds "6"]
[EventCountry "ITA"]
[SourceTitle "EXT 2024"]
[Source "ChessBase"]
[SourceDate "2023.10.10"]
[SourceVersion "1"]
[SourceVersionDate "2023.10.10"]
[SourceQuality "1"]

1. e4 e5 2. Nf3 Nf6 3. Nxe5 d6 4. Nf3 Nxe4 5. d4 d5 6. Bd3 Bd6 7. 0-0 0-0 8. c4 c6 9. Nc3 Nxc3 10. bxc3 dxc4 11. Bxc4 Bg4 12. Qd3 Bh5 13. Ne5 Bxe5 14. dxe5 Qxd3 15. Bxd3 Nd7 16. f4 Rfd8 17. Bc2 Nb6 18. Rb1 Be2 19. Re1 Bd3 20. Bxd3 Rxd3 21. c4 Rc3 22. f5 Rxc4 23. e6 fxe6 24. fxe6 Re8 25. g3 Rc2 26. a3 Ra2 27. h4 h6 28. g4 Re7 29. g5 Kh7 30. h5 hxg5 31. Bxg5 Re8 32. Rb3 Rc2 33. e7 Rc5 34. Rg3 Rf5 35. Re6 Nd5 36. h6 g6 37. Bd2 Rxe7 38. Rexg6 Rff7 39. a4 Nf4 40. Bxf4 Rxf4 41. Rg7+ Rxg7 42. Rxg7+ Kxh6 43. Rxb7 Rxa4 44. Rc7 Ra6 45. Kf2 Kg5 46. Ke3 Kf5 47. Kd4 Ke6 48. Kc5 1/2-1/2

[Event "Bergamo op 09th"]
[Site "Bergamo"]
[Date "2010.07.16"]
[Round "5"]
[White "Lindh, Fredrik"]
[Black "Licina, Zoran"]
[Result "1-0"]
[WhiteElo "2168"]
[BlackElo "2297"]
[PlyCount "33"]
[EventDate "2010.07.16"]
[EventType "swiss"]
[EventRounds "6"]
[EventCountry "ITA"]
[SourceTitle "EXT 2024"]
[Source "ChessBase"]
[SourceDate "2023.10.10"]
[SourceVersion "1"]
[SourceVersionDate "2023.10.10"]
[SourceQuality "1"]

1. e4 c5 2. Nf3 d6 3. d4 cxd4 4. Nxd4 Nf6 5. Nc3 a6 6. Be3 e5 7. Nf3 h6 8. Bc4 Be6 9. Bxe6 fxe6 10. Nh4 Kf7 11. f4 exf4 12. e5 fxe3 13. exf6 g6 14. Nxg6 Rg8 15. Ne5+ Kxf6 16. Qf3+ Kxe5 17. 0-0 1-0